00543 2200181 4500001002100000005001700021008004100038035002500079090001900104100003600123245007600159250001100235260004300246300001800289650002400307850001200331990001800343YOGYA-0209000002208120150423140444.0 ind  a0010-020900000022081 aR 959.8bInd H aINDONESIA.Departemen Penerangan aHari pahlawan meletur karena matangnya kondosi-kondisi rakyat Indonesia aCet. 1 aJakartabDepartemen Penerangan RIc19. a20 hlmc21 cm aIndonesia - sejarah aYOPDYOG a15851-PD/A.06